000 00445nam a2200169 a 4500
001 11238
003 CO-ViMGA
008 141112s2004 ck r 000 u spa d
040 _aCO-ViMGA
_bspa
_cCO-ViMGA
082 0 4 _a863.6 A47cl
100 1 _aAiro, Clemente
_915660
245 1 0 _a5 y 7 cuentos de una misma historia
260 _aBogtá,
_ceditorial Iqueima,
_c1967
300 _a141 p.
650 1 4 _aCUENTOS ESPAÑOLES
_95885
942 _2ddc
_cBK
999 _c22448
_d22448